Top California Colleges and Universities - Statistics

General Stats
  • This quiz has been taken 797 times
  • The average score is 16 of 49
Answer Stats
Rank Answer % Correct
#34 University of California, Los Angeles
97%
#1 Stanford University
96%
#22 University of California, Berkeley
86%
#63 University of Southern California
80%
#112 University of California, Irvine
78%
#99 University of California, Davis
73%
#114 University of California, San Diego
73%
#96 University of California, Santa Barbara
72%
#18 California Institute of Technology
69%
#259 University of California, Riverside
64%
#159 University of California, Santa Cruz
53%
#336 California State Polytechnic University, Pomona
51%
#100 Pepperdine University
47%
#2 Pomona College
45%
#264 San Diego State University
38%
#172 University of San Diego
38%
#52 Harvey Mudd College
36%
#423 California State University, Fullerton
35%
#366 California State University, Fresno
33%
#194 University of San Francisco
33%
#363 California State University, Long Beach
31%
#72 Santa Clara University
31%
#450 California State University, Sacramento
30%
#149 Loyola Marymount University
27%
#272 San Jose State University
25%
#441 California State University, Northridge
23%
#95 Scripps College
23%
#118 Pitzer College
21%
#462 San Francisco State University
21%
#117 Occidental Collge
20%
#424 California State University, Chico
18%
#350 Chapman University
17%
#345 University of the Pacific
13%
#271 Saint Mary's College of California
9%
#206 University of Redlands
9%
#399 California State University, San Bernardino
7%
#299 Whittier College
7%
#467 Biola University
6%
#174 Mills College
6%
#213 Westmont College
5%
#365 Azusa Pacific University
3%
#313 University of La Verne
3%
#289 California Lutheran University
2%
#170 California Polytechnic State University, San Luis Obispo
2%
#420 Mount Saint Mary's College
2%
#415 Thomas Aquinas College
2%
#495 Vanguard University of Southern California
2%
#293 California Maritime Academy
1%
#274 Master's College and Seminary
0%
No matching quizzes found
Score Distribution
Percent of People with Each Score
Percentile by Number Answered
Your Score History
You have not taken this quiz